Neotectonic records in the Muráň fault zone (Western Carpathians)

Podrobná bibliografia
Hlavní autori: Marko, F. (Author), Vojtko, R. (Author), Gajdoš, V. (Author), Madarás, J. (Author), Mojzeš, A. (Author), Rozimant, K. (Author)
Médium: Článok
Jazyk:English
Témy:
Zdroj: 1. Mineralia slovaca 1. Roč. 42, č. 2 (2010) 1. 0369-2086
2. Príl.: 2. Geovestník 2. Č. 2 (2010), s. 259
LEADER 01140nab#a2200397#ar4500
001 000103429
003 SVKKK
005 20101222105818.0
008 080509c2010 xo |||||||||||||||b|eng
FMT
015 |a SNBRB2010/12 
038 |a SVKKK 
040 |a SVKKK  |b slo  |e AACR2 
041 0 |a eng 
044 |a xo  |c SK 
080 |a 551.248.2  |x (234.372.3)  |2 1997 
080 |a 551.243.1  |2 1997 
242 1 0 |a Neotektonické zistenia v muránskej zlomovej zóne (Západné Karpaty) 
245 1 0 |a Neotectonic records in the Muráň fault zone (Western Carpathians)  |c F. Marko ... [et al.] 
650 0 4 |a neotektonika  |z Západné Karpaty (Slovensko) 
651 4 |a muránsky zlom (Slovensko)  |x neotektonika 
700 1 |a Marko, F.  |4 aut 
700 1 |a Vojtko, R.  |4 aut 
700 1 |a Gajdoš, V.  |4 aut 
700 1 |a Madarás, J.  |4 aut 
700 1 |a Mojzeš, A.  |4 aut 
700 1 |a Rozimant, K.  |4 aut 
773 0 |t Mineralia slovaca  |g Roč. 42, č. 2 (2010)  |x 0369-2086 
773 0 |i Príl.:  |t Geovestník  |g Č. 2 (2010), s. 259 
958 |a SK 
974 |a Ni 
992 |a RBX 
BAS
852 |a SVKKK  |b BIB 
EXP
998 |a GEO